Derecho de daños tecnológicos: ciberseguridad e insurtech (Registro nro. 12835)
[ vista simple ]
| 000 -Cabecera | |
|---|---|
| Campo de control de longitud fija | 00663ntm a22002537a 4500 |
| 005 - Fecha y hora de la última transacción | |
| Campo de control | 20260422183143.0 |
| 008 - Elementos de longitud fija--Información general | |
| Campo de control de longitud fija | 201204b2019 xxu||||| |||| 00| 0 spa d |
| 020 ## - International Standard Book Number | |
| Número Internacional Estándar del Libro (ISBN) | 9788413241463 |
| 041 ## - Idioma | |
| Código de idioma | Español |
| 082 ## - Clasificación Decimal Dewey | |
| Número de clasificación | 005.8 M967d |
| 100 ## - Entrada principal--Autor personal | |
| Nombre personal | Muñoz, Jesús Jimeno |
| 9 (RLIN) | 59353 |
| 245 ## - Título propiamente dicho | |
| Título | Derecho de daños tecnológicos: ciberseguridad e insurtech |
| 260 ## - Pie de imprenta | |
| Lugar de publicación, distribución, etc. | España |
| 260 ## - Pie de imprenta | |
| Nombre del editor, distribuidor, etc. | Dykinson |
| 260 ## - Pie de imprenta | |
| Fecha de publicación, distribución, etc. | 2019 |
| 300 ## - Descripción física | |
| Extensión | 311 páginas |
| 490 ## - Serie | |
| Título de la Serie | Investigación Criminal |
| 650 ## - Materia general | |
| Temática (materia general) | CIBERSEGURIDAD |
| 650 ## - Materia general | |
| Temática (materia general) | DAÑOS TECNOLÓGICOS |
| 650 ## - Materia general | |
| Temática (materia general) | CIBERRIESGOS |
| 650 ## - Materia general | |
| Temática (materia general) | CIBERSEGUROS |
| 650 ## - Materia general | |
| Temática (materia general) | RESPONSABILIDAD CIVIL |
| 942 ## - Punto de acceso adicional KOHA | |
| Tipo de ítem KOHA | Libro |
| Fuente del sistema de clasificación o colocación | Dewey Decimal Classification |
| Signatura completa | Código de barras | Programa Académico | Tipo de ítem |
|---|---|---|---|
| 005.8 M967d | 25131 | Investigación Criminal | Libro |